000 00665nam a2200217Ia 4500
005 20250701164516.0
008 008 250505s9999 xx 000 0 eng d
020 _a9781032364902
037 _aTextual
040 _aEASL
_beng
_cEASL
041 _aeng
_2eng
084 _aV41:2, R3
_qEASL
100 _aYongming Xiao
_9815091
245 0 _aAncient Chinese Academy, Confucianism, and Society II Politics and Culture
260 _aUSA
_bThird Avenue Routledge New York
_c2023
300 _a250pg
365 _aUK
650 _aLearned institutions and society-China-History
_9815092
942 _cTEXL
_hV41:2, R3
999 _c1433314
_d1433314